History Quiz

Random History or Clickable Quiz

Civil Rights Activists Match-up Quiz Stats

 Plays Quiz Updated Jan 10, 2018

Score 0/30 Timer 06:00
2 Plays Today
% Correct
Martin Luther
99.2%
Rosa
97.5%
Mahatma
97.2%
Nelson
97%
Malcolm
96.8%
Helen
90.8%
Maya
89.9%
Desmond
88.3%
Cesar
88.2%
Harvey
84.6%
Sojourner
81.3%
Gloria
78.2%
Lech
78%
W.E.B.
74.6%
Toyohiko
73.5%
% Correct
James
68.3%
Elie
67.4%
Betty
63.2%
James
54.6%
Bhagat Singh
42.8%
Lucretia
41.4%
Emmeline
39.9%
Olympe
38.1%
Rigoberta
35%
Victoria
35%
Alice
26.8%
Dorothy
25.6%
Dolores
25.6%
James
22.2%
Fred
16.8%

You're not logged in!

Compare scores with friends on all Sporcle quizzes.
Join for Free
OR
Log In

You Might Also Like...

Show Comments

Extras

Top Quizzes Today


Score Distribution

Your Account Isn't Verified!

In order to create a playlist on Sporcle, you need to verify the email address you used during registration. Go to your Sporcle Settings to finish the process.

Report this User

Report this user for behavior that violates our Community Guidelines.

Details: